000 00395nam a2200169Ia 4500
001 3684
003 IN-NITTTR
005 20251114232950.0
008 251113s9999||||xx |||||||||||||| ||eng||
040 _beng
040 _cIN-NITTTR
041 _aeng
082 _a691.92 D286P
245 0 _aPlastics in building construction. /
_cDavies, R.M., ed.
700 _aDavies, R.M.
942 _2ddc
_cBK
999 _c6013
_d6013